书目信息 |
| 题名: |
红蓝宝书1000题
|
|
| 作者: | 许小明 , Reika 主编 ;新世界图书事业部 编著 | |
| 分册: | 新日本语能力考试N2文字·词汇·文法 | |
| 出版信息: | 上海 华东理工大学出版社 2018重印 |
|
| 页数: | 330页 | |
| 开本: | 24cm | |
| 丛书名: | ||
| 单 册: | ||
| 中图分类: | H363.1-44 , H364-44 | |
| 科图分类: | ||
| 主题词: | 日语--Ri Yu--词汇--水平考试--题解 , 日语--Ri Yu--语法--水平考试--题解 | |
| 电子资源: | ||
| ISBN: | 978-7-5628-4487-7 | |
| 000 | 01179nam 2200301 45 | |
| 001 | 012001009795 | |
| 005 | 20140103170531.0 | |
| 010 | @a978-7-5628-4487-7@dCNY42.80 | |
| 099 | @aCAL 012016083468 | |
| 100 | @a20160314d2016 em y0chiy50 ea | |
| 101 | 0 | @achi@ajpn |
| 102 | @aCN@b310000 | |
| 105 | @ay z 000yy | |
| 106 | @ar | |
| 200 | 1 | @a红蓝宝书1000题@Ahong lan bao shu 1000 ti@i新日本语能力考试N2文字·词汇·文法@e练习+详解@f主编许小明,Reika@g编著新世界图书事业部 |
| 210 | @a上海@c华东理工大学出版社@d2018重印 | |
| 215 | @a330页@d24cm | |
| 330 | @a本书由“730道(基础练习题)+270道(5套模拟题)”构成,涵盖新日本语能力考试N2的高频词及高频语法点。所有的练习题和模拟题都包含详细的解析。 | |
| 517 | 1 | @a新日本语能力考试N2文字·词汇·文法@Axin ri ben yu neng li kao shi N2 wen zi·ci hui·wen fa |
| 606 | 0 | @a日语@ARi Yu@x词汇@x水平考试@j题解 |
| 606 | 0 | @a日语@ARi Yu@x语法@x水平考试@j题解 |
| 690 | @aH363.1-44@v5 | |
| 690 | @aH364-44@v5 | |
| 701 | 0 | @a许小明@Axu xiao ming@4主编 |
| 701 | 0 | @aReika@AReika@4主编 |
| 712 | 02 | @a新世界图书事业部@Axin shi jie tu shu shi ye bu@4编著 |
| 801 | 2 | @aCN@b上海新华@c20191020 |
| 905 | @b1189518-21@dH363.1-44@e653@f4 | |
| 红蓝宝书1000题.新日本语能力考试N2文字·词汇·文法:练习+详解/主编许小明,Reika/编著新世界图书事业部.-上海:华东理工大学出版社,2018重印 |
| 330页;24cm |
| ISBN 978-7-5628-4487-7:CNY42.80 |
| 本书由“730道(基础练习题)+270道(5套模拟题)”构成,涵盖新日本语能力考试N2的高频词及高频语法点。所有的练习题和模拟题都包含详细的解析。 |
| ● |
| 相关链接 |
|
|
|
|
正题名:红蓝宝书1000题
索取号:H363.1-44/653
 
预约/预借
| 序号 | 登录号 | 条形码 | 馆藏地/架位号 | 状态 | 备注 |
| 1 | 1189518 | 211895181 | 第二样本阅览室/ [索取号:H363.1-44/653] | 在馆 | |
| 2 | 1189519 | 211895190 | 第四借阅区/ [索取号:H363.1-44/653] | 在馆 | |
| 3 | 1189520 | 211895207 | 第四借阅区/ [索取号:H363.1-44/653] | 在馆 | |
| 4 | 1189521 | 211895216 | 第四借阅区/ [索取号:H363.1-44/653] | 在馆 |